Tableau des médailles olympiques - Voile - Statistiques

Statistiques générales
  • Ce quiz a été pris 35 fois
  • Le résultat moyen est 11 sur 15
Statistiques - réponses
Total Or Argent Bronze Pays % Correct
61 19 23 19 États-Unis
97%
49 15 14 20 France
97%
21 13 5 3 Espagne
94%
64 31 21 12 Grande-Bretagne
91%
15 4 3 8 Italie
91%
29 13 8 8 Australie
82%
37 10 14 13 Suède
76%
15 3 5 7 Allemagne
73%
11 2 2 7 Finlande
73%
32 17 11 4 Norvège
73%
19 8 3 8 Brésil
70%
23 9 8 6 Nouvelle-Zélande
70%
26 8 9 9 Pays-Bas
64%
31 13 9 9 Danemark
55%
12 4 5 3 Union soviétique
36%
Aucun quiz correspondant
Distribution des résultats
% des personnes avec chaque résultat
Percentile par nombre de réponses
Votre historique - résultats
Vous n’avez pas pris ce quiz